000 00229 a2200097 4500
001 12875
100 _aChapman,J.
245 _aFortran 90/95 for Scientists and Engineers
260 _a
_bMc Graw Hill
_c2004
090 _c9854
_d9854
942 _aNUST-CAE
_cM
_c36771
999 _c247948
_d247948